000 00800cab a2200241 4500
001 ABS39415
008 090401t1988 xxu||||| |||| 00| 0 eng d
035 _a(Sirsi) u16522
041 _aeng
245 _aDevon and Cornwall
260 _c1988
350 _a0
490 _aEstates Times
_v(946) 27 May 1988, 21-40(16)
520 _aLand values, office and leisure development s, retail market , (including out-of-town retailing ). Statistical information on office, industrial and shop rental growth, population, employment, car ownership and private households.
650 _aBARNSTAPLE
650 _aEXETER
650 _aFALMOUTH
650 _aPLYMOUTH
650 _aTRURO
690 _aPROPERTY-COMMERCIAL PROPERTY-COMMERCIAL PROPERTY MARKET
942 _n0
948 _c04/03/1997
999 _c10886
_d10886